[Event "EU-ch Seniors 50 22nd"]
[Site "Acqui Terme"]
[Date "2023.05.26"]
[Round "1"]
[White "Hartmann, Wolfgang"]
[Black "Melikhov, Evgeny V"]
[Result "0-1"]
[WhiteElo "1944"]
[BlackElo "2269"]
[PlyCount "94"]
[EventDate "2023.05.26"]
[EventType "swiss"]
[EventRounds "9"]
[EventCountry "ITA"]
[SourceTitle "CBM 214 Extra"]
[Source "ChessBase"]
[SourceDate "2023.07.31"]
[SourceVersion "1"]
[SourceVersionDate "2023.07.31"]
[SourceQuality "1"]

1. c4 e5 2. g3 d6 3. Bg2 f5 4. Nc3 Nf6 5. e3 Be7 6. Nge2 0-0 7. 0-0 a5 8. d3 c6 9. b3 Na6 10. Bb2 Qe8 11. Qd2 Qh5 12. f4 Nc5 13. Rae1 e4 14. Nc1 Bd7 15. Qc2 b5 16. cxb5 cxb5 17. dxe4 fxe4 18. Nxe4 Ncxe4 19. Bxe4 Rac8 20. Qg2 Bh3 21. Qf3 Qxf3 22. Bxf3 Bxf1 23. Kxf1 Rc2 24. Re2 Rfc8 25. Nd3 Rxe2 26. Bxe2 Ne4 27. Bg4 Rc2 28. Be6+ Kf8 29. Bf5 Nc5 30. Nxc5 Rxb2 31. Ne6+ Kf7 32. Nd4 b4 33. Be6+ Ke8 34. h3 Rxa2 35. Bg8 Bf6 36. Nf5 Kd7 37. g4 g6 38. Ng3 h6 39. Ne4 Be7 40. Bf7 g5 41. f5 a4 42. bxa4 Rxa4 43. f6 Bxf6 44. Nxf6+ Ke7 45. Ne4 Kxf7 46. Nxd6+ Ke6 47. Nf5 b3 0-1

[Event "Walsrode Chessemy op-A"]
[Site "Walsrode"]
[Date "2023.03.04"]
[Round "1"]
[White "Hartmann, Wolfgang"]
[Black "Dyachuk, Artem"]
[Result "0-1"]
[WhiteElo "1925"]
[BlackElo "2320"]
[PlyCount "76"]
[EventDate "2023.03.04"]
[EventType "swiss"]
[EventRounds "9"]
[EventCountry "GER"]
[SourceTitle "CBM 213 Extra"]
[Source "ChessBase"]
[SourceDate "2023.05.31"]
[SourceVersion "1"]
[SourceVersionDate "2023.05.31"]
[SourceQuality "1"]

1. e4 c6 2. d4 d5 3. Nd2 dxe4 4. Nxe4 Nf6 5. Nxf6+ exf6 6. c3 Bd6 7. Bd3 0-0 8. Qc2 g6 9. Ne2 Qc7 10. Be3 Re8 11. h3 f5 12. Bg5 f4 13. 0-0-0 Qa5 14. Bxf4 Rxe2 15. Qxe2 Bxf4+ 16. Kb1 Be6 17. Bc4 Bxc4 18. Qxc4 Nd7 19. d5 Bc7 20. dxc6 Ne5 21. cxb7 Rb8 22. Qd5 Qb6 23. f4 Nc6 24. g3 Rxb7 25. b3 a5 26. Rhe1 Rb8 27. Qd7 Kf8 28. Qd2 Bd8 29. f5 Kg7 30. fxg6 hxg6 31. h4 Bf6 32. h5 a4 33. b4 Qb5 34. h6+ Kh7 35. Qd3 Qg5 36. Qd7 Ne5 37. Qxa4 Nf3 38. Rf1 Qf5+ 0-1

[Event "Wch Seniors 50 30th"]
[Site "Assisi"]
[Date "2022.11.17"]
[Round "3"]
[White "Nannelli, Paolo"]
[Black "Hartmann, Wolfgang"]
[Result "1-0"]
[WhiteElo "2147"]
[BlackElo "1950"]
[PlyCount "55"]
[EventDate "2022.11.15"]
[EventType "swiss"]
[EventRounds "11"]
[EventCountry "ITA"]
[SourceTitle "CBM 211 Extra"]
[Source "ChessBase"]
[SourceDate "2023.01.31"]
[SourceVersion "1"]
[SourceVersionDate "2023.01.31"]
[SourceQuality "1"]

1. d4 d5 2. Nf3 Nf6 3. Bg5 e6 4. e3 Be7 5. Nbd2 Nbd7 6. Bd3 h6 7. Bh4 c5 8. c3 b6 9. Ne5 Nxe5 10. dxe5 Nd7 11. Bxe7 Qxe7 12. f4 Bb7 13. 0-0 0-0-0 14. Qe2 f6 15. exf6 gxf6 16. Ba6 f5 17. a4 c4 18. Bxb7+ Kxb7 19. b3 cxb3 20. Nxb3 Nc5 21. Nd4 Rhg8 22. a5 a6 23. axb6 Rd6 24. Rfb1 Rb8 25. Ra5 Rc8 26. Nb3 Rxb6 27. Nxc5+ Rxc5 28. Qxa6+ 1-0

[Event "Arco op 44th"]
[Site "Arco"]
[Date "2022.10.10"]
[Round "3"]
[White "Hartmann, Wolfgang"]
[Black "Mueller, Markus2222"]
[Result "1-0"]
[WhiteElo "1933"]
[BlackElo "1718"]
[PlyCount "33"]
[EventDate "2022.10.08"]
[EventType "swiss"]
[EventRounds "9"]
[EventCountry "ITA"]
[SourceTitle "CBM 210 Extra"]
[Source "ChessBase"]
[SourceDate "2022.11.30"]
[SourceVersion "1"]
[SourceVersionDate "2022.11.30"]
[SourceQuality "1"]

1. c4 e5 2. g3 Bc5 3. Bg2 c6 4. e3 Nf6 5. a3 d5 6. d4 exd4 7. exd4 Bb6 8. c5 Bc7 9. Qe2+ Be6 10. Bh3 0-0 11. Bxe6 fxe6 12. f4 Nbd7 13. Nc3 Qe8 14. Nf3 Qh5 15. 0-0 b5 16. Qxe6+ Rf7 17. Qxc6 1-0

[Event "Reykjavik Kvika op"]
[Site "Reykjavik"]
[Date "2022.04.11"]
[Round "8"]
[White "Ptacnikova, Lenka"]
[Black "Hartmann, Wolfgang"]
[Result "0-1"]
[WhiteElo "2186"]
[BlackElo "1927"]
[PlyCount "74"]
[EventDate "2022.04.06"]
[EventType "swiss"]
[EventRounds "9"]
[EventCountry "ISL"]
[SourceTitle "CBM 207 Extra"]
[Source "ChessBase"]
[SourceDate "2022.05.31"]
[SourceVersion "1"]
[SourceVersionDate "2022.05.31"]
[SourceQuality "1"]

1. c4 Nf6 2. Nc3 e6 3. e4 d5 4. e5 d4 5. exf6 dxc3 6. bxc3 Qxf6 7. Nf3 c5 8. Bd3 Bd7 9. Be4 Bc6 10. Qe2 Bxe4 11. Qxe4 Nc6 12. 0-0 Qg6 13. Qf4 Qf6 14. Qc7 Qe7 15. Qg3 Qd6 16. Qg4 h5 17. Qe4 0-0-0 18. d4 cxd4 19. Bf4 f5 20. Bxd6 fxe4 21. Bxf8 exf3 22. Bxg7 Rhg8 23. Bf6 Rxg2+ 24. Kh1 Rd7 25. cxd4 Nxd4 26. Rad1 Nf5 27. Rxd7 Kxd7 28. Be5 h4 29. h3 Kc6 30. Bb8 b6 31. a4 Nd6 32. Bxa7 Kb7 33. c5 Ne4 34. Bxb6 Kc6 35. a5 Nxf2+ 36. Rxf2 Rxf2 37. a6 Ra2 0-1

[Event "Reinstorf op"]
[Site "Reinstorf"]
[Date "2022.01.30"]
[Round "2"]
[White "Hartmann, Wolfgang"]
[Black "Krause, Helmut"]
[Result "1-0"]
[WhiteElo "1917"]
[BlackElo "1595"]
[PlyCount "59"]
[EventDate "2022.01.29"]
[EventType "swiss"]
[EventRounds "9"]
[EventCountry "GER"]
[SourceTitle "CBM 206 Extra"]
[Source "ChessBase"]
[SourceDate "2022.03.31"]
[SourceVersion "1"]
[SourceVersionDate "2022.03.31"]
[SourceQuality "1"]

1. e4 c5 2. c3 e6 3. d3 Nc6 4. Nf3 Be7 5. Be2 d6 6. 0-0 Nf6 7. a4 a5 8. Na3 0-0 9. Qc2 e5 10. h3 h6 11. Be3 Nh7 12. g4 Ng5 13. Nxg5 Bxg5 14. Qd2 Bxe3 15. Qxe3 Be6 16. f4 exf4 17. Qxf4 Ne5 18. Nb5 Ra6 19. d4 Ng6 20. Qf2 Qe7 21. Bd3 c4 22. Bc2 Qg5 23. Rae1 h5 24. Bd1 hxg4 25. hxg4 Nh4 26. Qf4 Qg6 27. g5 Qh7 28. Rf2 d5 29. Rh2 Ng6 30. Qg3 1-0

[Event "Berlin Unicorn op"]
[Site "Berlin"]
[Date "2007.05.17"]
[Round "3"]
[White "Hartmann, Wolfgang"]
[Black "Bauer, Norbert"]
[Result "0-1"]
[WhiteElo "1801"]
[BlackElo "2134"]
[PlyCount "86"]
[EventDate "2007.05.16"]
[EventType "swiss"]
[EventRounds "7"]
[EventCountry "GER"]
[SourceTitle "CBM 118 Extra"]
[Source "ChessBase"]
[SourceDate "2007.07.04"]
[SourceVersion "1"]
[SourceVersionDate "2007.07.04"]
[SourceQuality "1"]

1. g3 c5 2. Bg2 Nc6 3. c4 g6 4. Nc3 Bg7 5. Nf3 d6 6. 0-0 Nh6 7. d3 0-0 8. h3 Nf5 9. e3 e6 10. a3 d5 11. cxd5 exd5 12. Qb3 d4 13. Ne4 dxe3 14. fxe3 b6 15. g4 Be6 16. Qa4 Nfe7 17. Neg5 Bd7 18. Qc4 Be8 19. Rb1 h6 20. Ne4 Na5 21. Qc2 Bc6 22. b4 Bxe4 23. dxe4 cxb4 24. axb4 Rc8 25. Qa2 Nac6 26. Ba3 b5 27. Rbd1 Qb6 28. Qf2 Ne5 29. Nxe5 Bxe5 30. Rd3 Qe6 31. Rfd1 Rc7 32. Bb2 Rc4 33. Rd8 Nc6 34. Rxf8+ Kxf8 35. Rd5 Bxb2 36. Qxb2 Rxb4 37. Qh8+ Ke7 38. Qxh6 Qf6 39. g5 Rb1+ 40. Kh2 Qf2 41. Qh8 Qg1+ 42. Kg3 Qxe3+ 43. Kh2 Qf4# 0-1

[Event "Berlin Unicorn op"]
[Site "Berlin"]
[Date "2007.05.17"]
[Round "2"]
[White "Jahnke, Andreas"]
[Black "Hartmann, Wolfgang"]
[Result "1-0"]
[WhiteElo "2049"]
[BlackElo "1801"]
[PlyCount "63"]
[EventDate "2007.05.16"]
[EventType "swiss"]
[EventRounds "7"]
[EventCountry "GER"]
[SourceTitle "CBM 118 Extra"]
[Source "ChessBase"]
[SourceDate "2007.07.04"]
[SourceVersion "1"]
[SourceVersionDate "2007.07.04"]
[SourceQuality "1"]

1. d4 g6 2. c4 Bg7 3. Nc3 c5 4. d5 d6 5. e4 Nf6 6. f4 0-0 7. Nf3 Nbd7 8. Be2 a6 9. a4 Ne8 10. 0-0 b6 11. Be3 Bb7 12. Qd2 e6 13. Ng5 exd5 14. exd5 Ndf6 15. f5 Bc8 16. g4 h6 17. Nh3 Kh7 18. g5 hxg5 19. Nxg5+ Kg8 20. fxg6 fxg6 21. Bd3 Ng4 22. Rxf8+ Kxf8 23. Rf1+ Kg8 24. Bxg6 Qe7 25. Bf4 Bd4+ 26. Kh1 Ng7 27. Bf7+ Kh8 28. Qd3 Bf5 29. Qh3+ Nh5 30. Qxh5+ Kg7 31. Ne6+ Bxe6 32. dxe6 1-0

[Event "Berlin op 08"]
[Site "Berlin"]
[Date "2006.08.24"]
[Round "6"]
[White "Hartmann, Wolfgang"]
[Black "Hoffmann, Peter1111"]
[Result "1-0"]
[WhiteElo "1666"]
[BlackElo "1906"]
[PlyCount "111"]
[EventDate "2006.08.19"]
[EventType "swiss"]
[EventRounds "9"]
[EventCountry "GER"]
[SourceTitle "EXT 2007"]
[Source "ChessBase"]
[SourceDate "2006.11.23"]
[SourceVersion "1"]
[SourceVersionDate "2006.11.23"]
[SourceQuality "1"]

1. g3 Nf6 2. Bg2 d5 3. c4 g6 4. cxd5 Nxd5 5. Nc3 Nb6 6. Nf3 Bg7 7. 0-0 Nc6 8. b3 0-0 9. Bb2 e5 10. d3 Be6 11. Nd2 f5 12. Rc1 Qd7 13. Qc2 Nb4 14. Qb1 c6 15. Nc4 Rfe8 16. Rfe1 Bf7 17. a3 N4d5 18. Qc2 Rac8 19. a4 Nxc3 20. Bxc3 Nd5 21. Bb2 f4 22. Ba3 c5 23. Qd2 b6 24. e3 Re7 25. e4 Nc7 26. gxf4 Bh6 27. Rb1 Bxf4 28. Qe2 Be6 29. Bb2 Bg4 30. f3 Bh3 31. Bc1 Rf8 32. Qf1 Bxg2 33. Qxg2 Qe6 34. Ne3 Rg7 35. Ng4 g5 36. Kh1 h5 37. Ne3 Bxe3 38. Bxe3 Qf6 39. Rf1 Ne6 40. Rb2 Nd4 41. Bxd4 cxd4 42. Rc2 Qf7 43. Rc4 g4 44. Qg3 gxf3 45. Qxe5 Qg6 46. Qg3 Qxg3 47. hxg3 Rxg3 48. Kh2 Rg2+ 49. Kh3 Re2 50. Kh4 f2 51. Rcc1 Rf3 52. Kxh5 Rfe3 53. Kg6 Rg3+ 54. Kf6 Rxd3 55. Rc8+ Kh7 56. Rh1+ 1-0

[Event "Berlin op 08"]
[Site "Berlin"]
[Date "2006.08.21"]
[Round "3"]
[White "Bruening, Wolfgang"]
[Black "Hartmann, Wolfgang"]
[Result "1-0"]
[WhiteElo "1870"]
[BlackElo "1666"]
[PlyCount "29"]
[EventDate "2006.08.19"]
[EventType "swiss"]
[EventRounds "9"]
[EventCountry "GER"]
[SourceTitle "EXT 2007"]
[Source "ChessBase"]
[SourceDate "2006.11.23"]
[SourceVersion "1"]
[SourceVersionDate "2006.11.23"]
[SourceQuality "1"]

1. d4 g6 2. c4 Bg7 3. Nc3 c5 4. Nf3 cxd4 5. Nxd4 Nc6 6. e3 Nf6 7. Be2 0-0 8. 0-0 e5 9. Ndb5 Ne8 10. Ne4 Ne7 11. Ned6 Nc7 12. Bd2 Nxb5 13. cxb5 Qb6 14. Bb4 Rd8 15. Qb3 1-0

[Event "Berlin op 08"]
[Site "Berlin"]
[Date "2006.08.20"]
[Round "2"]
[White "Hartmann, Wolfgang"]
[Black "Cusnariov, Nikolai"]
[Result "0-1"]
[WhiteElo "1666"]
[BlackElo "2094"]
[PlyCount "58"]
[EventDate "2006.08.19"]
[EventType "swiss"]
[EventRounds "9"]
[EventCountry "GER"]
[SourceTitle "EXT 2007"]
[Source "ChessBase"]
[SourceDate "2006.11.23"]
[SourceVersion "1"]
[SourceVersionDate "2006.11.23"]
[SourceQuality "1"]

1. g3 Nf6 2. Bg2 d5 3. c4 c6 4. cxd5 cxd5 5. Nf3 Nc6 6. 0-0 Bf5 7. Nc3 d4 8. Nb5 e5 9. d3 Be7 10. Nh4 Be6 11. Nf3 0-0 12. Bg5 h6 13. Bxf6 Bxf6 14. Na3 Be7 15. Nc2 Rc8 16. e3 dxe3 17. fxe3 Qb6 18. b3 Nb4 19. Nfe1 Rfd8 20. Qe2 Nd5 21. d4 exd4 22. exd4 Bf6 23. Nf3 Bf5 24. Nfe1 Nc3 25. Qf2 Bg6 26. Nf3 Ne4 27. Qe2 Rxc2 28. Qxc2 Bxd4+ 29. Nxd4 Qxd4+ 0-1